| 000 | 00757nam a2200217 i 4500 | ||
|---|---|---|---|
| 001 | 150436 | ||
| 003 | ES-MaACL | ||
| 005 | 20260610142459.0 | ||
| 007 | t| | ||
| 008 | 071030s1945 dr ||||1| spa d | ||
| 100 | 1 |
_aValéry, Paul, _d1871-1945 _9243197 |
|
| 245 | 1 | 0 |
_aPaul Valéry : _bedición homenaje al insigne poeta francés incluyendo su poema "Le cimetière marin" y un estudio de Rafael Díaz Niese. |
| 260 |
_aCiudad Trujillo : _b[s.n.], _c1945. |
||
| 300 |
_a23 p. : _bil. ; _c31 cm. |
||
| 490 | 1 | _aCuadernos dominicanos de cultura | |
| 600 | 1 | 0 |
_aValéry, Paul, _d1871-1945 _9243197 |
| 700 | 1 |
_aDíaz Niese, Rafael. _944371 |
|
| 830 | 1 |
_aCuadernos dominicanos de cultura _9221143 |
|
| 852 |
_aES-MaACL _j1765-F-30 |
||
| 999 |
_c150436 _d150436 |
||